| Tag |
First Indicator |
Second Indicator |
Subfields |
| LEADER |
00000cam a2200000Ia 4500 |
| 001 |
in00002292425 |
| 005 |
20190326203300.0 |
| 006 |
m | d | |
| 007 |
cr |n||||||||n |
| 008 |
910318s1761 enk s 000 0 eng d |
| 040 |
|
|
|a TXA
|c GKS
|d OCL
|d Thomson Gale
|d UtOrBLW
|
| 043 |
|
|
|a e-gx---
|
| 100 |
1 |
|
|a Mauduit, Israel,
|d 1708-1787.
|
| 245 |
1 |
0 |
|a Occasional thoughts on the present German war /
|c by the author of Considerations on the same subject.
|
| 264 |
|
3 |
|a London :
|b Printed for John Wilkie,
|c 1761.
|
| 300 |
|
|
|a vi, 63 pages
|
| 336 |
|
|
|a text
|b txt
|2 rdacontent
|
| 337 |
|
|
|a computer
|b c
|2 rdamedia
|
| 338 |
|
|
|a online resource
|b cr
|2 rdacarrier
|
| 500 |
|
|
|a Includes Additions for the sixth edition of the Considerations on the present German war.
|
| 500 |
|
|
|a Reproduction of original from Goldsmiths' Library, University of London.
|
| 500 |
|
|
|a Goldsmiths'-Kress number 09725.
|
| 510 |
4 |
|
|a Higgs, H. Bibl. of economics
|c 2596
|
| 510 |
4 |
|
|a OCLC,
|c 23258891
|
| 533 |
|
|
|a Electronic reproduction.
|b Farmington Hills, Mich. :
|c Thomson Gale,
|d 2005.
|f (The making of the modern world).
|n Available via the World Wide Web.
|n Access limited to licensing agreements.
|7 s2005 miunns
|
| 500 |
|
|
|a Electronic resource.
|
| 600 |
1 |
0 |
|a Mauduit, Israel,
|d 1708-1787.
|t Considerations on the present German war.
|
| 650 |
|
0 |
|a Seven Years' War, 1756-1763.
|
| 651 |
|
0 |
|a Germany
|x History
|y 1740-1806.
|
| 655 |
|
0 |
|a Electronic books.
|
| 830 |
|
0 |
|a Making of the modern world (Goldsmiths'-Kress Library of Economic Literature)
|
| 856 |
4 |
0 |
|u http://proxy.library.tamu.edu/login?url=http://galenet.galegroup.com/servlet/MOME?af=RN&ae=U101164100&srchtp=a&ste=14&locID=txshracd2898
|z Connect to the full text of this electronic book
|t 0
|
| 999 |
|
|
|a MARS
|
| 999 |
f |
f |
|s 4e30766d-0e2f-3756-8a57-9e4014f08a3a
|i c9124aad-40f4-3e2f-9545-484f51100425
|t 0
|
| 952 |
f |
f |
|a Texas A&M University
|b College Station
|c Electronic Resources
|d Available Online
|t 0
|h No information provided
|
| 998 |
f |
f |
|t 0
|l Available Online
|